00581 2200229 4500001002100000005001700021008004100038035002400079040001200103082001000115090001700125100002000142245003600162250001100198260002100209300002700230500002600257500003100283650001000314850001200324990001500336YOGYA-0209000001681320090227022704.0 ind  0010-020900000016813 aYOPDYOG a581.3 a581.3bKam T aKAMIL, Jurnalis aTeknologi benihcJurnalis Kamil aCet. 1 aBandungbAngkasa a... jilidbilusc21 cm aYang diterima : Jl. 1 aBibliografi : hlm. 219-227 aBibit aYOPDYOG aP000019564